000 00779nam a2200265Ia 4500
005 20260121165758.0
008 008 260114s9999 xx 000 0 eng d
020 _a9783319487632
037 _aEBOOK
040 _aCRL
040 _beng
040 _cCRL
041 _2eng
041 _aeng
084 _qCRL
100 _aAnne Kvithyld, Christina Meskers, Randolph Kirchain, Greg Krumdick, Brajendra Mishra, Markus Reuter, Cong Wang, Mark Schlesinger, Gabrielle Gaustad, Diana Lados, Jeffrey Spangenberger
_91055931
245 0 _aREWAS 2013
260 _bSpringer
260 _bSpringer
260 _c2016
856 _uhttps://link.springer.com/openurl?genre=book&isbn=978-3-319-48763-2
942 _cEBOOK
999 _c1621659
_d1621659